[Event "Qatar Masters Open 2024"]
[Site "Doha QAT"]
[Date "2024.12.11"]
[Round "8.12"]
[White "Pranav, V"]
[Black "Kazhgaleyev, Murtas"]
[Result "1/2-1/2"]
[WhiteTitle "GM"]
[BlackTitle "GM"]
[WhiteElo "2621"]
[BlackElo "2488"]
[WhiteFideId "25060783"]
[BlackFideId "13700316"]
[EventDate "2024.12.03"]

1. e4 c5 2. Nf3 e6 3. c3 Nf6 4. Bd3 d5 5. e5 Nfd7 6. Bc2 c4 7. O-O Nc6 8. Qe2
Rb8 9. d4 cxd3 10. Bxd3 Be7 11. Bf4 Nc5 12. Bc2 b5 13. b4 Na4 14. a3 Bd7 15. Rd1
a5 16. Ra2 Qc8 17. Bd3 Na7 18. Rc2 Nb6 19. Qe3 h6 20. Nd4 Nc4 21. Qg3 g5 22. Bc1
Qc7 23. f4 Nc6 24. Rf2 Rg8 25. fxg5 hxg5 26. Bxc4 bxc4 27. Nxc6 Bxc6 28. Be3
axb4 29. axb4 Ra8 30. Rdf1 Rg7 31. Qh3 Kd7 32. Bd4 Qd8 33. Rxf7 Rxf7 34. Rxf7
Qg8 35. Rf1 Qg6 36. Nd2 g4 37. Qg3 Qh5 38. Rb1 Qf5 39. Qe1 Bg5 40. Nf1 Ra2 41.
Ra1 Rb2 42. Qg3 Re2 43. Ra7+ Kc8 44. Rg7 Rc2 45. h3 Rc1 46. Qf2 Bd2 47. Qxd2
Qxf1+ 48. Kh2 Qh1+ 49. Kg3 gxh3 50. gxh3 Be8 51. Qg2 Qd1 52. Qf3 Qd3 53. Rg8 Kd7
54. Rg7+ Kc6 55. Ra7 Bh5 56. Ra6+ Kb7 57. Ra7+ Kb8 58. Qxd3 cxd3 59. Ra2 Be8 60.
h4 Rd1 61. Be3 Re1 62. Bf4 Bh5 63. Rd2 Rg1+ 64. Kf2 Rg4 65. Bg5 Bg6 66. Ra2 Rc4
67. Ra3 d4 68. cxd4 Rxd4 69. Ra2 Rxb4 70. Ra6 Rd4 71. Rd6 1/2-1/2

[Event "Qatar Masters Open 2024"]
[Site "Doha QAT"]
[Date "2024.12.11"]
[Round "8.14"]
[White "Shuvalova, Polina"]
[Black "Pranesh, M"]
[Result "1/2-1/2"]
[WhiteTitle "IM"]
[BlackTitle "GM"]
[WhiteElo "2504"]
[BlackElo "2582"]
[WhiteFideId "24171760"]
[BlackFideId "35028600"]
[EventDate "2024.12.03"]

1. e4 c5 2. Nf3 Nc6 3. d4 cxd4 4. Nxd4 e5 5. Nb5 d6 6. c4 a6 7. N5a3 Nf6 8. Nc3
Be7 9. Nc2 O-O 10. Be2 Be6 11. O-O Rc8 12. Be3 Na5 13. b3 b5 14. Nd5 Bxd5 15.
exd5 bxc4 16. b4 Nb7 17. Na3 a5 18. Nxc4 axb4 19. Rb1 Ne4 20. Rxb4 Nbc5 21. Qc2
f5 22. a4 f4 23. Bxc5 Nxc5 24. Bg4 Ra8 25. Bf5 g6 26. Bxg6 hxg6 27. Qxg6+ Kh8
28. Qh6+ Kg8 29. Qg6+ Kh8 30. Qh6+ Kg8 31. Qg6+ 1/2-1/2

[Event "Qatar Masters Open 2024"]
[Site "Doha QAT"]
[Date "2024.12.11"]
[Round "8.15"]
[White "Zemlyanskii, Ivan"]
[Black "Uskov, Artem"]
[Result "1-0"]
[WhiteTitle "GM"]
[BlackTitle "IM"]
[WhiteElo "2543"]
[BlackElo "2430"]
[WhiteFideId "24249971"]
[BlackFideId "34254854"]
[EventDate "2024.12.03"]

1. d4 Nf6 2. c4 e6 3. Nc3 Bb4 4. Nf3 O-O 5. Bg5 h6 6. Bh4 c5 7. d5 exd5 8. cxd5
d6 9. e3 g5 10. Bg3 Ne4 11. Nd2 Nxg3 12. hxg3 Kg7 13. a3 Bxc3 14. bxc3 Nd7 15.
Be2 Nf6 16. c4 Bf5 17. Qb3 Qe7 18. f3 Rfe8 19. Kf2 Bg6 20. Qc3 Qe5 21. Rac1 Rab8
22. a4 Nd7 23. g4 f6 24. Nf1 f5 25. gxf5 Bxf5 26. Ng3 Bg6 27. Bd3 Qxc3 28. Rxc3
Bxd3 29. Rxd3 Kg6 30. e4 Ne5 31. Rc3 Red8 32. Nf5 h5 33. g3 Rd7 34. Rb1 Rf8 35.
Kg2 Rff7 36. Rf1 Rf8 37. Kf2 Re8 38. Ke2 Rh8 39. Kf2 Re8 40. Kg2 Rf8 41. Rf2 Re8
42. Re2 b6 43. Re1 Rdd8 44. Ra1 Rd7 45. Ra2 Rf8 46. Raa3 Re8 47. Rc2 Rb8 48. Rb3
Re8 49. Rbc3 Rf8 50. Ra2 Re8 51. Kf1 Nf7 52. Re2 Ne5 53. Ke1 Rh8 54. Kd2 Re8 55.
Kc2 Rb8 56. Re1 Re8 57. Kb3 Rb8 58. Kc2 Re8 59. Ra1 Rb8 60. Rb1 Re8 61. Re1 Rf8
62. f4 Ng4 63. Rf3 Nh2 64. Rf2 Ng4 65. Rf3 Nh2 66. Rfe3 Ng4 67. R3e2 Rff7 68.
Kd3 Rf8 69. Rf1 Re8 70. Ne3 Nf6 71. fxg5 Nh7 72. Ng2 Nxg5 73. Nf4+ Kh6 74. Rh2
Nf7 75. Rxh5+ Kg7 76. Ke3 Rde7 77. Ne6+ Rxe6 78. dxe6 Rxe6 79. Kd3 Rg6 80. Rh3
Ne5+ 81. Kc3 Re6 82. Rfh1 Nf7 83. Rh7+ Kg8 84. R7h4 Rg6 85. g4 Ng5 86. Rh8+ Kg7
87. Re8 Rf6 88. e5 Rf3+ 89. Kc2 Re3 90. Re7+ Kf8 91. Rxa7 Kg8 92. exd6 Re2+ 93.
Kc1 Re4 94. d7 Rxc4+ 95. Kb2 Nf7 96. Rf1 Rb4+ 97. Ka3 Rd4 98. Rxf7 1-0

[Event "Qatar Masters Open 2024"]
[Site "Doha QAT"]
[Date "2024.12.11"]
[Round "8.16"]
[White "Maghsoodloo, Parham"]
[Black "Garifullina, Leya"]
[Result "1/2-1/2"]
[WhiteTitle "GM"]
[BlackTitle "IM"]
[WhiteElo "2703"]
[BlackElo "2451"]
[WhiteFideId "12539929"]
[BlackFideId "34127035"]
[EventDate "2024.12.03"]

1. Nf3 d5 2. g3 Bg4 3. Bg2 e6 4. O-O Nf6 5. h3 Bh5 6. c4 c6 7. d4 Nbd7 8. cxd5
exd5 9. Nc3 Bd6 10. Qb3 Qb6 11. Nh4 Bg6 12. Qd1 O-O 13. a3 Rfe8 14. Nxg6 hxg6
15. Qd3 a5 16. Rd1 a4 17. Bg5 Nh7 18. h4 Nxg5 19. hxg5 Nf8 20. e3 Re7 21. Rd2
Rae8 22. Nxa4 Qa5 23. Nc3 Nh7 24. Qe2 Nxg5 25. Qg4 Nh7 26. Rc1 Re6 27. Rdc2 f5
28. Qh3 Ng5 29. Qh4 Nf7 30. Qh3 Ng5 31. Qh4 Nf7 32. Qh3 1/2-1/2

[Event "Qatar Masters Open 2024"]
[Site "Doha QAT"]
[Date "2024.12.11"]
[Round "8.17"]
[White "Shyaam Nikhil P"]
[Black "Martirosyan, Haik M."]
[Result "1/2-1/2"]
[WhiteTitle "GM"]
[BlackTitle "GM"]
[WhiteElo "2445"]
[BlackElo "2656"]
[WhiteFideId "5024218"]
[BlackFideId "13306553"]
[EventDate "2024.12.03"]

1. e4 e5 2. Nf3 Nc6 3. Bb5 a6 4. Ba4 d6 5. O-O Nf6 6. Re1 Bd7 7. c3 g6 8. d4 Qe7
9. Nbd2 Bg7 10. Nf1 O-O 11. Ng3 b5 12. Bc2 exd4 13. cxd4 Bg4 14. Be3 Nd7 15. Rc1
Bxf3 16. gxf3 Nb4 17. Bb1 c5 18. f4 Rad8 19. Qf3 a5 20. a3 Na6 21. Rcd1 cxd4 22.
Bxd4 Bxd4 23. Rxd4 Nac5 24. Red1 Nf6 25. b4 axb4 26. Rxb4 Rb8 27. Qe2 Ne6 28. e5
dxe5 29. fxe5 Nd7 30. f4 Rfd8 31. f5 Nef8 32. Re1 Re8 33. e6 fxe6 34. fxg6 hxg6
35. h4 Nf6 36. h5 Qc5+ 37. Kh2 Qg5 38. Rg1 Red8 39. Nf1 Qxh5+ 40. Qxh5 Nxh5 41.
Bxg6 Nxg6 42. Rxg6+ Kf7 43. Rg5 Rh8 44. Rbxb5 Nf4+ 45. Kg3 Nd5 46. Rxb8 Rxb8 47.
Nd2 Rc8 48. a4 Rc3+ 49. Kf2 Rc2 50. Ke1 Rc1+ 51. Kf2 Ra1 52. Rg4 Ra2 53. Ke1 Kf6
54. Rc4 Kf5 55. Ne4 Nb6 56. Ng3+ Ke5 57. Rc5+ Nd5 58. Rc4 Ra3 59. Ne2 Ne3 60.
Rc3 Ra1+ 61. Kd2 Nf1+ 62. Kd3 Rxa4 63. Rc5+ Kd6 64. Nc3 Ra3 65. Kd4 Ra1 66. Ne4+
Kd7 67. Rh5 Re1 68. Rh7+ Kc6 69. Re7 1/2-1/2

[Event "Qatar Masters Open 2024"]
[Site "Doha QAT"]
[Date "2024.12.11"]
[Round "8.18"]
[White "Narayanan, S.L."]
[Black "Gan-Erdene, Sugar"]
[Result "1-0"]
[WhiteTitle "GM"]
[BlackTitle "IM"]
[WhiteElo "2647"]
[BlackElo "2437"]
[WhiteFideId "5058422"]
[BlackFideId "4902980"]
[EventDate "2024.12.03"]

1. d4 Nf6 2. c4 e6 3. Nc3 Bb4 4. e3 O-O 5. a3 Bxc3+ 6. bxc3 c5 7. Bd3 Nc6 8. Rb1
d6 9. Ne2 b6 10. e4 Ba6 11. O-O e5 12. d5 Na5 13. f4 exf4 14. Bxf4 Nh5 15. Bc1
g6 16. Bh6 Ng7 17. Rf4 Bxc4 18. Ng3 Qd7 19. Bg5 f6 20. Rxf6 Rxf6 21. Bxf6 Rf8
22. Bg5 Qe8 23. Bh6 Rf7 24. Qe2 b5 25. Bxc4 Nxc4 26. a4 a6 27. axb5 axb5 28. Ra1
Qd8 29. Ra6 Qh4 30. Ra8+ Rf8 31. Rxf8+ Kxf8 32. Qf2+ 1-0

[Event "Qatar Masters Open 2024"]
[Site "Doha QAT"]
[Date "2024.12.11"]
[Round "8.19"]
[White "Suyarov, Mukhammadzokhid"]
[Black "Nguyen, Ngoc Truong Son"]
[Result "0-1"]
[WhiteTitle "IM"]
[BlackTitle "GM"]
[WhiteElo "2466"]
[BlackElo "2646"]
[WhiteFideId "14210495"]
[BlackFideId "12401110"]
[EventDate "2024.12.03"]

1. Nf3 d5 2. g3 g6 3. Bg2 Bg7 4. O-O c5 5. d4 cxd4 6. Nxd4 Nf6 7. c4 O-O 8. Nb3
dxc4 9. Qxd8 Rxd8 10. Na5 Nd5 11. Nxc4 Nc6 12. Nba3 Be6 13. Bd2 Nb6 14. Nxb6
axb6 15. Rad1 Bxb2 16. Nc2 Bxa2 17. Be3 b5 18. Bxc6 Rxd1 19. Rxd1 bxc6 20. Nb4
Bc4 21. Nxc6 Bxe2 22. Nxe7+ Kg7 23. Rb1 Bf3 24. Kf1 Bc3 0-1

[Event "Qatar Masters Open 2024"]
[Site "Doha QAT"]
[Date "2024.12.11"]
[Round "8.20"]
[White "Mamedov, Edgar"]
[Black "Naiditsch, Arkadij"]
[Result "0-1"]
[WhiteTitle "IM"]
[BlackTitle "GM"]
[WhiteElo "2441"]
[BlackElo "2636"]
[WhiteFideId "13739980"]
[BlackFideId "4650891"]
[EventDate "2024.12.03"]

1. Nf3 Nf6 2. c4 g6 3. Nc3 Bg7 4. d4 O-O 5. e4 d6 6. Be2 Na6 7. O-O e5 8. Be3 c6
9. Qc2 Qe8 10. Rad1 Ng4 11. Bg5 f6 12. Bh4 Nc7 13. h3 Nh6 14. dxe5 dxe5 15. c5
Ne6 16. b4 Kh8 17. Rfe1 f5 18. exf5 Nxf5 19. Bg3 Nxg3 20. fxg3 a5 21. a3 axb4
22. axb4 Nc7 23. Ne4 Be6 24. Nd6 Qe7 25. Bc4 Nd5 26. Nxe5 Qg5 27. Nxg6+ hxg6 28.
Rxe6 Ne3 29. Qd2 Ra3 30. Re8 Qxg3 31. Rxf8+ Bxf8 32. Rb1 Bg7 33. Qf2 Qxf2+ 34.
Kxf2 Bd4 35. Ke2 Nxg2 36. Rb3 Ra2+ 37. Kd3 Bg1 38. Nxb7 Rf2 39. Na5 Rf3+ 40. Ke4
Rf4+ 41. Ke5 Bh2 42. Ke6 Rd4 43. Rb2 Nf4+ 44. Ke5 Bg1 45. Rc2 Nxh3 46. Nxc6 Rh4
47. Bf1 Nf2 48. Rc4 Ng4+ 49. Ke6 g5 50. Rc1 Rh6+ 51. Kd7 Nf6+ 52. Kc8 Be3 53.
Rc2 g4 54. Ne5 Rh5 55. Nd7 Nd5 56. b5 g3 57. b6 Bxc5 58. b7 Bd6 59. Bg2 Rh2 60.
Rd2 Ne7+ 61. Kd8 Nc6+ 62. Kc8 Bf4 63. Rc2 Kg7 64. Nc5 Nd4 65. Rb2 Kf6 66. Nd3
Rh8+ 67. Kd7 Rh7+ 68. Kc8 Bd6 69. b8=Q Rh8+ 70. Kd7 Bxb8 71. Rb6+ Kg5 72. Rb4
Nf5 73. Rb5 Rh7+ 74. Kc8 Rh8+ 75. Kd7 Kf6 76. Rb6+ Bd6 77. Be4 Rh7+ 78. Kc6 Rh4
79. Bg2 Rd4 80. Rb3 Rc4+ 81. Kb5 Rc2 82. Rb2 Nd4+ 83. Kb6 Rc3 84. Nb4 Bc5+ 85.
Kb7 Bxb4 86. Rxb4 Ke5 87. Kb6 Rc2 88. Bb7 Rf2 89. Kc5 Rf7 90. Ba8 Rf4 91. Rb2
Rf8 92. Bb7 Rb8 93. Rb1 Ne6+ 94. Kc4 Nf4 95. Re1+ Kf5 96. Bc6 Rc8 97. Kb5 Rc7
98. Ba8 Rc3 99. Re8 Ne6 100. Rg8 Ng5 101. Kb4 Rc7 102. Re8 Kf4 103. Kb3 Rc1 104.
Kb2 Rc5 105. Bg2 Rc7 106. Ba8 Kg4 107. Rg8 Rc5 108. Bg2 Kf4 109. Re8 Rc4 110.
Rf8+ Ke3 111. Rf5 Rg4 112. Kc2 Ne6 113. Rf3+ Ke2 114. Rf6 Nf4 115. Bc6 Rg5 116.
Bh1 Rh5 117. Bc6 Nd5 118. Bb5+ Ke3 119. Re6+ Kf2 120. Re2+ Kf3 0-1

[Event "Qatar Masters Open 2024"]
[Site "Doha QAT"]
[Date "2024.12.11"]
[Round "8.21"]
[White "Sahib, Singh"]
[Black "Ganguly, Surya Shekhar"]
[Result "0-1"]
[WhiteTitle "FM"]
[BlackTitle "GM"]
[WhiteElo "2438"]
[BlackElo "2578"]
[WhiteFideId "25618342"]
[BlackFideId "5002150"]
[EventDate "2024.12.03"]

1. e4 c6 2. Nc3 d5 3. Nf3 dxe4 4. Nxe4 Nf6 5. Qe2 Na6 6. Nxf6+ gxf6 7. d4 h5 8.
c3 h4 9. Qe4 Qd5 10. Qxd5 cxd5 11. Bb5+ Bd7 12. Bxd7+ Kxd7 13. Bf4 e6 14. O-O h3
15. g3 b5 16. a3 Nb8 17. b4 Bd6 18. Bxd6 Kxd6 19. a4 Rc8 20. Rfc1 bxa4 21. Rxa4
Nd7 22. Kf1 Rc7 23. Ng1 Rac8 24. Nxh3 Rxc3 25. Rxc3 Rxc3 26. Nf4 e5 27. Nh5 exd4
28. Rxa7 d3 29. Ke1 Ne5 30. Ra6+ Kc7 31. Nf4 Rc1+ 32. Kd2 Rc2+ 33. Ke1 Nf3+ 34.
Kd1 Rxf2 35. Kc1 Rf1+ 0-1

[Event "Qatar Masters Open 2024"]
[Site "Doha QAT"]
[Date "2024.12.11"]
[Round "8.22"]
[White "Ahmad, Khagan"]
[Black "Bharath, Subramaniyam H"]
[Result "0-1"]
[WhiteTitle "IM"]
[BlackTitle "GM"]
[WhiteElo "2403"]
[BlackElo "2561"]
[WhiteFideId "13431552"]
[BlackFideId "46634827"]
[EventDate "2024.12.03"]

1. e4 c6 2. d4 d5 3. Nc3 dxe4 4. Nxe4 Nf6 5. Nxf6+ exf6 6. Bc4 Bd6 7. Qe2+ Qe7
8. Qxe7+ Kxe7 9. Ne2 Bf5 10. c3 b5 11. Bb3 Nd7 12. Bf4 Be6 13. Bxd6+ Kxd6 14.
Nf4 a5 15. Nxe6 fxe6 16. a4 Nb6 17. Kd2 Rhe8 18. Rhe1 e5 19. dxe5+ Rxe5 20. Rxe5
fxe5 21. Bc2 bxa4 22. Bxa4 Nc4+ 23. Kc1 Rf8 24. Bb3 Nb6 25. f3 e4 26. Bd1 a4 27.
Be2 g5 28. Kd2 exf3 29. gxf3 Rf4 30. Rg1 h6 31. Rg4 Ke5 32. Rxf4 Kxf4 33. Kd3 c5
34. Bd1 Ke5 35. Be2 Kd5 36. Kd2 Ke5 37. Kd3 Kf4 38. Bd1 h5 39. Ke2 h4 40. Bc2
Ke5 41. Kd3 Kf4 42. Ke2 c4 43. Bd1 h3 44. Kf2 Nd7 45. Bxa4 Ne5 46. Kg1 Nxf3+ 47.
Kh1 Nd2 48. Bd7 g4 49. Kg1 Nf3+ 50. Kh1 Ng5 51. Bb5 g3 52. hxg3+ Kxg3 53. Bxc4
h2 0-1

[Event "Qatar Masters Open 2024"]
[Site "Doha QAT"]
[Date "2024.12.11"]
[Round "8.23"]
[White "Sankalp, Gupta"]
[Black "Abdurakhmonov, Mukhammadali"]
[Result "1/2-1/2"]
[WhiteTitle "GM"]
[BlackTitle "IM"]
[WhiteElo "2545"]
[BlackElo "2395"]
[WhiteFideId "5097010"]
[BlackFideId "14207346"]
[EventDate "2024.12.03"]

1. Nf3 Nf6 2. g3 g6 3. Bg2 Bg7 4. O-O O-O 5. d4 d5 6. c4 c6 7. cxd5 cxd5 8. Ne5
Nfd7 9. f4 e6 10. Nc3 Nc6 11. b3 Ndxe5 12. dxe5 b5 13. Be3 Qa5 14. Qd2 Rd8 15.
a4 b4 16. Nb5 Ba6 17. Nd6 Rxd6 18. exd6 Bxa1 19. Rxa1 Rd8 20. f5 Rxd6 21. f6 e5
22. Rf1 d4 23. Bxc6 Rxc6 24. Bxd4 Qd8 25. Be3 Rd6 26. Qxb4 Bxe2 27. Re1 Ba6 28.
Bxa7 Rd1 29. Bf2 Rxe1+ 30. Qxe1 Qxf6 31. Qe4 Qd6 32. b4 Qd1+ 33. Be1 f6 34. b5
Bb7 35. Qxb7 1/2-1/2

[Event "Qatar Masters Open 2024"]
[Site "Doha QAT"]
[Date "2024.12.11"]
[Round "8.24"]
[White "Nandhidhaa, P V"]
[Black "Raja, Rithvik R"]
[Result "1/2-1/2"]
[WhiteTitle "WGM"]
[BlackTitle "GM"]
[WhiteElo "2339"]
[BlackElo "2521"]
[WhiteFideId "5050847"]
[BlackFideId "35007394"]
[EventDate "2024.12.03"]

1. e4 e5 2. Nf3 Nc6 3. Nc3 Nf6 4. Bb5 Bc5 5. O-O O-O 6. Nxe5 Nxe5 7. d4 Bd6 8.
f4 Neg4 9. e5 Bb4 10. f5 Re8 11. exf6 Nxf6 12. Bg5 c6 13. Bd3 d5 14. Qf3 Bd7 15.
Rae1 Rxe1 16. Rxe1 Qf8 17. Re2 Bd6 18. Nd1 Re8 19. Nf2 Rxe2 20. Qxe2 Ne8 21. c3
f6 22. Bc1 Bc7 23. g4 Nd6 24. Bf4 Qd8 25. Nh1 Nf7 26. Bxc7 Qxc7 27. Qe7 Qd6 28.
Qxd6 Nxd6 29. Ng3 Kf7 30. Kf2 a5 1/2-1/2

[Event "Qatar Masters Open 2024"]
[Site "Doha QAT"]
[Date "2024.12.11"]
[Round "8.25"]
[White "Vantika, Agrawal"]
[Black "Galaviz Medina, Sion Radamantys"]
[Result "0-1"]
[WhiteTitle "IM"]
[BlackTitle "IM"]
[WhiteElo "2392"]
[BlackElo "2508"]
[WhiteFideId "25050389"]
[BlackFideId "5123119"]
[EventDate "2024.12.03"]

1. d4 Nf6 2. c4 e6 3. Nf3 Bb4+ 4. Bd2 a5 5. g3 O-O 6. Bg2 d5 7. Qc1 Be7 8. O-O
c6 9. Qc2 Nbd7 10. Bf4 a4 11. a3 h6 12. Rd1 Ne4 13. Nc3 Nxc3 14. Qxc3 Nb6 15. c5
Nc4 16. b3 axb3 17. Qxb3 g5 18. Bc1 Bf6 19. e4 Bg7 20. Qc2 b6 21. cxb6 Qxb6 22.
e5 g4 23. Ne1 Ba6 24. Qc3 f6 25. exf6 Rxf6 26. Bf4 Rf7 27. Qc2 Bxd4 28. Qg6+ Bg7
29. Rab1 Qa7 30. Qxe6 Qd7 31. Qg6 Rf6 32. Qh5 Rd8 33. Nd3 Bc8 34. a4 Qf5 35.
Qxf5 Bxf5 36. Rb7 Re6 37. Nc5 Ree8 38. Rc7 Rc8 39. Rxc8 Rxc8 40. Re1 Ra8 41. Be3
Ra5 42. Rc1 Bb2 43. Rf1 Kh7 44. Nb3 Rxa4 45. Bd4 Bc2 46. Bxb2 Nxb2 47. Nc5 Rc4
48. Nd7 Bf5 49. Ne5 Rc2 50. f3 Nc4 51. fxg4 Rxg2+ 52. Kxg2 Be4+ 53. Kf2 Nxe5 54.
h3 c5 55. Ke3 Bg6 56. Ra1 d4+ 57. Kf4 Nd3+ 58. Kf3 c4 59. Ra7+ Kg8 60. g5 hxg5
61. Kg4 Ne5+ 62. Kxg5 d3 63. Kf6 d2 64. Ra8+ Kh7 65. Rd8 Bd3 66. Kxe5 d1=Q 67.
Rd7+ Kh6 68. Rd6+ Kh5 69. Rd4 Qe2+ 0-1

[Event "Qatar Masters Open 2024"]
[Site "Doha QAT"]
[Date "2024.12.11"]
[Round "8.26"]
[White "Srihari, L R"]
[Black "Mahdavi, Reza"]
[Result "1-0"]
[WhiteTitle "IM"]
[BlackTitle "FM"]
[WhiteElo "2484"]
[BlackElo "2394"]
[WhiteFideId "46617116"]
[BlackFideId "12595926"]
[EventDate "2024.12.03"]

1. d4 Nf6 2. c4 g6 3. g3 Bg7 4. Bg2 O-O 5. Nc3 d6 6. Nf3 Nbd7 7. O-O e5 8. e4
exd4 9. Nxd4 Nc5 10. h3 Re8 11. Re1 h6 12. Nb3 Ne6 13. Kh2 a5 14. a4 Nd7 15. Be3
Kh7 16. f4 Bxc3 17. bxc3 Nec5 18. Nxc5 Nxc5 19. e5 Be6 20. Qe2 Rb8 21. Bxc5 dxc5
22. Rad1 Qe7 23. g4 Qh4 24. Be4 f5 25. exf6 Qxf6 26. Qf2 Kh8 27. Qg3 Re7 28. g5
hxg5 29. fxg5 Qg7 30. Bg2 Bg8 31. Qh4+ Bh7 32. Qf2 b6 33. h4 Bg8 34. Rxe7 Qxe7
35. Re1 Qd6+ 36. Qg3 Bxc4 37. Qxd6 cxd6 38. Re7 Kg8 39. Rd7 Bb3 40. Bc6 Kf8 41.
Rxd6 Bc2 42. Bb5 Ke7 43. Rf6 Bb1 44. Kg3 Bc2 45. Kf3 Rh8 46. Kg4 Rb8 47. Kg3 Bb1
48. Kf4 Rh8 49. Ke5 Rxh4 50. Re6+ Kf7 51. Rxb6 Bc2 52. Rb7+ Kf8 53. c4 Rg4 54.
Ra7 Bd3 55. Rxa5 Rxg5+ 56. Kd6 Rf5 57. Ra8+ Kf7 58. a5 Be4 59. Ra7+ Kg8 60. a6
Rf8 61. Re7 Ba8 62. Re8 1-0

[Event "Qatar Masters Open 2024"]
[Site "Doha QAT"]
[Date "2024.12.11"]
[Round "8.27"]
[White "Ashraf, Artin"]
[Black "Saydaliev, Saidakbar"]
[Result "1/2-1/2"]
[WhiteTitle "FM"]
[BlackTitle "IM"]
[WhiteElo "2388"]
[BlackElo "2473"]
[WhiteFideId "22514805"]
[BlackFideId "14203693"]
[EventDate "2024.12.03"]

1. e4 c5 2. Nf3 d6 3. d4 cxd4 4. Nxd4 Nf6 5. Nc3 a6 6. h3 e5 7. Nf3 Be7 8. g4 h6
9. Rg1 b5 10. g5 hxg5 11. Nxg5 Bb7 12. Be3 Qc7 13. Qd2 Nbd7 14. O-O-O Rc8 15.
Kb1 b4 16. Nd5 Nxd5 17. exd5 Nb6 18. Qd3 Bf6 19. Bg2 Nc4 20. Ne4 Nxe3 21. Nxf6+
gxf6 22. fxe3 Ke7 23. Bf3 Qc4 24. Bg4 Rc5 25. Qf5 Bc8 26. Qf2 Rxd5 27. Rxd5 Qxd5
28. Rf1 f5 29. Bxf5 Be6 30. b3 Rh6 31. Qg1 Bxf5 32. Qg5+ Ke8 33. Qg8+ Ke7 34.
Qg5+ Ke8 35. Qxh6 Bxc2+ 36. Ka1 Qd2 37. Qh8+ Kd7 38. Rxf7+ Ke6 39. Rf6+ Kd7 40.
Rf7+ Ke6 41. Rf6+ 1/2-1/2

[Event "Qatar Masters Open 2024"]
[Site "Doha QAT"]
[Date "2024.12.11"]
[Round "8.28"]
[White "Ayush, Sharma"]
[Black "Vaz, Ethan"]
[Result "1-0"]
[WhiteTitle "IM"]
[BlackTitle "IM"]
[WhiteElo "2466"]
[BlackElo "2378"]
[WhiteFideId "45010943"]
[BlackFideId "25940783"]
[EventDate "2024.12.03"]

1. e4 c5 2. Nf3 d6 3. d4 cxd4 4. Nxd4 Nf6 5. Nc3 a6 6. Bd3 g6 7. f3 Qb6 8. a3
Nc6 9. Be3 e5 10. Nf5 Qd8 11. Ng3 Bg7 12. h4 d5 13. exd5 Nxd5 14. Nxd5 Qxd5 15.
h5 f5 16. Qd2 Be6 17. Ne2 Qd7 18. O-O-O Qf7 19. Bb6 O-O 20. hxg6 hxg6 21. g4
fxg4 22. fxg4 Bxg4 23. Rdg1 Bf5 24. Bxf5 Qxf5 25. Ng3 Qe6 26. Qh2 Rf7 27. Ne4
Ne7 28. Bc5 Qc4 29. Qh7+ Kf8 30. Qxg6 Qxc5 31. Qxf7+ Kxf7 32. Nxc5 b6 33. Rf1+
Kg6 34. Rhg1+ Kh6 35. Ne6 Rg8 36. Rg2 Kh7 37. Ng5+ Kg6 38. Nf7+ 1-0

[Event "Qatar Masters Open 2024"]
[Site "Doha QAT"]
[Date "2024.12.11"]
[Round "8.29"]
[White "Omonov, Asrorjon"]
[Black "Goutham Krishna H"]
[Result "1/2-1/2"]
[WhiteTitle "FM"]
[BlackTitle "IM"]
[WhiteElo "2360"]
[BlackElo "2466"]
[WhiteFideId "14212552"]
[BlackFideId "25983504"]
[EventDate "2024.12.03"]

1. d4 Nf6 2. c4 g6 3. Nc3 Bg7 4. e4 d6 5. h3 O-O 6. Be3 c6 7. Nf3 Na6 8. Nd2 Nc7
9. Be2 Nd7 10. g4 d5 11. cxd5 cxd5 12. exd5 Nf6 13. d6 Qxd6 14. Nde4 Nxe4 15.
Nxe4 Qb6 16. Qd2 Nd5 17. Nc3 Rd8 18. Nxd5 Rxd5 19. Rd1 Qf6 20. O-O h5 21. f3 b5
22. f4 hxg4 23. hxg4 Rb8 24. Bf3 Rd8 25. d5 Bb7 26. Bxa7 Ra8 27. Bd4 Qxd4+ 28.
Qxd4 Bxd4+ 29. Rxd4 Rxa2 30. Rb4 Ra4 31. Rxa4 bxa4 32. Ra1 Bxd5 33. Bxd5 Rxd5
34. Rxa4 Rd1+ 35. Kf2 Rd2+ 36. Kf3 Rxb2 37. Ra7 Rb3+ 38. Ke4 e6 39. g5 Kg7 40.
Rc7 Rb1 41. Ra7 Re1+ 42. Kf3 e5 43. fxe5 Rxe5 44. Kf4 Rd5 45. Rb7 Rd4+ 46. Kf3
Kf8 47. Rc7 Ke8 48. Ra7 Rd7 49. Ra6 Ke7 50. Ke4 Rb7 51. Ra4 Rc7 52. Rb4 Ra7 53.
Kf4 Ra5 54. Rb7+ Ke6 55. Rb6+ Kd5 56. Rf6 Ra7 57. Kg4 Ke5 58. Kh4 Re7 59. Kg4
Ke4 60. Rf4+ Ke3 61. Rf3+ Kd4 62. Rf6 Kd5 63. Kh4 Re4+ 64. Kg3 Re5 65. Kg4 1/2-1/2

[Event "Qatar Masters Open 2024"]
[Site "Doha QAT"]
[Date "2024.12.11"]
[Round "8.30"]
[White "Harutyunyan, Tigran K."]
[Black "Zhu, Hengyi"]
[Result "1-0"]
[WhiteTitle "GM"]
[WhiteElo "2524"]
[BlackElo "2361"]
[WhiteFideId "13303635"]
[BlackFideId "8611211"]
[EventDate "2024.12.03"]

1. d4 Nf6 2. Nf3 d5 3. c4 e6 4. Nc3 c5 5. e3 a6 6. cxd5 exd5 7. Be2 Nc6 8. O-O
Bg4 9. h3 Bxf3 10. Bxf3 cxd4 11. exd4 Be7 12. Re1 O-O 13. Bg5 h6 14. Bh4 Rc8 15.
Rc1 g5 16. Bg3 Bd6 17. Be5 Re8 18. Bxd5 Nxe5 19. dxe5 Bxe5 20. Bxb7 Qxd1 21.
Rexd1 Rb8 22. Bxa6 Rxb2 23. a4 Bxc3 24. Rxc3 Rxf2 25. Ra3 Rb2 26. a5 Ra8 27. Bc4
Ra7 28. a6 Kg7 29. Rda1 Rb4 30. Ra4 Rb6 31. Rf1 Rc6 32. Rfa1 Rb6 33. Ra5 Rc6 34.
Bd3 Rd6 35. R5a3 Rb6 36. Rb1 Rd6 37. Bc4 Ne4 38. Rb7 Rd1+ 39. Kh2 1-0

[Event "Qatar Masters Open 2024"]
[Site "Doha QAT"]
[Date "2024.12.11"]
[Round "8.31"]
[White "Petrosyan, Manuel"]
[Black "Pham, Le Thao Nguyen"]
[Result "1-0"]
[WhiteTitle "GM"]
[BlackTitle "IM"]
[WhiteElo "2612"]
[BlackElo "2384"]
[WhiteFideId "13300857"]
[BlackFideId "12401226"]
[EventDate "2024.12.03"]

1. e4 c6 2. d4 d5 3. e5 Bf5 4. h4 h5 5. c4 e6 6. Nc3 Ne7 7. Nge2 dxc4 8. Ng3 Bg6
9. Bxc4 Nd7 10. Be3 Nf5 11. Nxf5 Bxf5 12. g3 Nb6 13. Bd3 Bxd3 14. Qxd3 Nd5 15.
O-O Nxc3 16. bxc3 Be7 17. c4 Qd7 18. a4 g6 19. Rfd1 O-O 20. Qe4 Rad8 21. Rd3 f5
22. exf6 Rxf6 23. a5 Rf5 24. Rb3 Rc8 25. Rab1 Rc7 26. Bf4 Bd6 27. Bxd6 Qxd6 28.
Rxb7 e5 29. dxe5 Rxe5 30. Rxc7 Rxe4 31. Rb8+ Qf8 32. Rxf8+ Kxf8 33. Rxc6 Kf7 34.
a6 Re7 35. Kg2 Kg7 36. Kf3 Kf7 37. Kf4 Kg7 38. f3 Kh6 39. g4 hxg4 40. Kxg4 Kg7
41. f4 Rf7 42. Rc8 Kf6 43. Rc5 Kg7 44. Rc6 Kh7 45. Rc8 Kg7 46. Rb8 Kf6 47. c5
Rc7 48. Rb6+ axb6 49. cxb6 Rc1 50. a7 1-0